| 000 | 00355nam a2200145Ia 4500 | ||
|---|---|---|---|
| 008 | 230312s9999||||xx |||||||||||||| ||und|| | ||
| 020 | _a0-7645-7477-9 | ||
| 082 |
_a771 _bJON-D |
||
| 100 | _aJones;Fredric.H | ||
| 245 | 0 | _aDigital Photography | |
| 260 |
_bWiley Publisher _aIndian _c2005 |
||
| 546 | _aEng. | ||
| 650 |
_aComputer _vProgramming |
||
| 942 | _cBK | ||
| 999 |
_c6945 _d6945 |
||